| 000 | 01546nam0a22003611 4500 | ||
|---|---|---|---|
| 001 | v19\rc\1627274 | ||
| 005 | 20061002122233.1 | ||
| 035 | _a(NLR Aleph) 004743460 | ||
| 090 |
_a4503850 _c4503850 |
||
| 100 | _a20061002e18991899|||y0rusy50 ca | ||
| 101 | 0 | _arus | |
| 102 | _aRU | ||
| 105 | _ay z |||e| | ||
| 200 | 1 |
_aПисьма П.А. Кулиша. (1855-1857) _h1 _iК В.В. Тарновскому-отцу (1855-1857) _h2 _iК Д.С. Каменецкому (1857-1867) _h3 _iК В.В. Тарновскому-сыну (1857-1897) |
|
| 210 |
_aКиев _cтип. Ун-та св. Владимира Н.Т. Корчак-Новицкого _d1899 |
||
| 215 |
_a[2], 130 с. _d26 |
||
| 311 | _aОтт. из журн. "Киев. старина" | ||
| 488 | 0 | _12001#$aКиевская старина | |
| 532 | 1 | 0 | _aПисьма Пантелеймона Александровича Кулиша. (1855-1857) |
| 700 | 1 |
_aКулиш _bП. А. _f1819-1897 _gПантелеймон Александрович |
|
| 702 | 1 |
_aТарновский _bВ. В. _f-1866 _gВасилий Васильевич _4660 |
|
| 702 | 1 |
_aКаменецкий _bД. С. _gДанило Семенович _4660 |
|
| 702 | 1 |
_aТарновский _bВ. В. _f1837-1899 _gВасилий Васильевич _4660 |
|
| 801 | 0 |
_aRU _bNLR _gpsbo |
|
| 801 | 0 |
_aRU _bRuMoRGB _2psbo |
|
| 801 | 1 |
_aRU _bProSoft-M _2rusmarc |
|
| 852 |
_aNLR _j20.99.3.385 |
||
| 852 |
_aNLR _j127/3665 |
||
| 899 |
_aRuMoRGB _jS 31/417 |
||
| 899 | _aБАН | ||
| 899 | _aГПИБ | ||
| 942 | _cBOOK | ||
| 980 | _aNB | ||